30 años de Biblioteca Ayacucho : (Registro nro. 14575)

Detalles MARC
000 -LEADER
fixed length control field 00856nam a2200253 a 4500
001 - CONTROL NUMBER
control field
003 - CONTROL NUMBER IDENTIFIER
control field OSt
005 - DATE AND TIME OF LATEST TRANSACTION
control field 20240307072857.0
007 - PHYSICAL DESCRIPTION FIXED FIELD--GENERAL INFORMATION
fixed length control field ta
008 - FIXED-LENGTH DATA ELEMENTS--GENERAL INFORMATION
fixed length control field 100322s2004 ve a 000 0 spa d
040 ## - CATALOGING SOURCE
Original cataloging agency BPMSU
Language of cataloging spa
Transcribing agency BPMSU
082 ## - DEWEY DECIMAL CLASSIFICATION NUMBER
Classification number 027.4
Item number T787a 2004
Edition number 22
111 2# - MAIN ENTRY--MEETING NAME
Meeting name or jurisdiction name as entry element Jornada del Conocimiento Bilbioteca Juan Bosch
Number of part/section/meeting (1 :
Date of meeting 2014 :
Location of meeting Santo Domingo)
Miscellaneous information
245 00 - TITLE STATEMENT
Title 30 años de Biblioteca Ayacucho :
Remainder of title 1974-2004 /
Statement of responsibility, etc. director editorial Oscar Rodríguez Ortiz
246 13 - VARYING FORM OF TITLE
Title proper/short title Treinta años de Biblioteca Ayacucho
260 ## - PUBLICATION, DISTRIBUTION, ETC. (IMPRINT)
Place of publication, distribution, etc. Caracas, Venezuela :
Name of publisher, distributor, etc. Editorial Arte,
Date of publication, distribution, etc. 2004
Name of publisher, distributor, etc.
300 ## - PHYSICAL DESCRIPTION
Extent 93 p. :
Other physical details il. ;
Dimensions 24 cm.
590 ## - LOCAL NOTE (RLIN)
Local note Inventariado, 2024/VM
610 14 - SUBJECT ADDED ENTRY--CORPORATE NAME
Corporate name or jurisdiction name as entry element Biblioteca Ayacucho
Geographic subdivision Venezuela
General subdivision Historia
700 1# - ADDED ENTRY--PERSONAL NAME
Personal name Rodríguez Ortiz, Oscar
Relator term ed.
910 ## - USER-OPTION DATA (OCLC)
User-option data VMateo V. Control de calidad. BPMSU
942 ## - ADDED ENTRY ELEMENTS (KOHA)
Source of classification or shelving scheme Dewey Decimal Classification
Koha item type Libros
956 ## - LOCAL ELECTRONIC LOCATION AND ACCESS (OCLC)
Host name
Existencias
Withdrawn status Lost status Source of classification or shelving scheme Damaged status Not for loan Collection code Home library Current library Date acquired Total Checkouts Full call number Barcode Date last seen Price effective from Koha item type
    Dewey Decimal Classification     Colección General Biblioteca Pública Metropolitana Salomé Ureña Biblioteca Pública Metropolitana Salomé Ureña 02/16/2024   BPMSU CG 027.4 T787a 2004 BPMSU24020337 02/16/2024 02/16/2024 Libros